Histology : a text and atlas :

Bibliographic Details
Main Author: Pawlina,Wojciech (Author)
Corporate Author: Ross,Michael H. (Author)
Format: Book
Language:English
Published: Philadelphia : Wolters Kluwer 2020
Subjects:

MARC

LEADER 00000cam a2200000 7i4500
001 0000099038
005 20201224093000.0
008 200812s2020 pau eng
020 |a 1496383427 
020 |a 9781975115364 
040 |a UniSZA   |e rda 
050 0 0 |a QM551   |b .R67 2020 
090 0 0 |a QM551   |b .R67 2020 
100 1 |a Pawlina,Wojciech ,   |e author 
245 1 0 |a Histology :   |b a text and atlas :   |b with correlated cell and molecular biology 8th edition, kindle edition   |c Wojciech Pawlina, Michael H. Ross 
264 1 |a Philadelphia :   |b Wolters Kluwer   |c 2020 
300 |a xvi,1045 pages :   |b colour illustrations ;   |c 28cm. 
336 |a text  |2 rdacontent 
337 |a unmediated  |2 rdamedia 
338 |a volume  |2 rdacarrier 
500 |a Includes index 
505 0 |a 1. Methods -- 2. Cell cytoplasm -- 3. The cell nucleus -- 4. Tissues:concept and classification -- 5. Epithelial tissue -- 6. Connective tissue -- 7. Cartilage 
650 0 |a Histology 
650 0 |a Intracellular Space 
650 0 |a Tissues 
710 1 |a Ross,Michael H.   |e author 
999 |a 1000180618   |b Book   |c Open Shelf (1 Day)   |e Tembila Campus